Statistics for royal rumble winners (1988 to 2023)

Click here to take the quiz!

General Stats

  • This quiz has been taken 33 times
    (15 since last reset)
  • The average score is 32 of 37

Answer Stats

HintAnswer% Correct
2000The Rock
100%
2005Batista
92%
2014Batista
92%
1994Bret Hart
92%
2022Brock Lesnar
92%
2003Brock Lesnar
92%
2021Edge
92%
2010Edge
92%
2008John Cena
92%
2013John Cena
92%
2017Randy Orton
92%
2009Randy Orton
92%
2006Rey Mysterio
92%
1996Shawn Michaels
92%
1995Shawn Michaels
92%
2007The Undertaker
92%
2016Triple H
92%
2002Triple H
92%
2004Chris Benoit
85%
2020Drew Mcintyre
85%
1988Jim Duggan
85%
1999Mr. Mcmahon
85%
1992Ric flair
85%
2015Roman Reigns
85%
2019Seth Rollins
85%
2018Shinsuke Nakamura
85%
2001Stone cold
85%
1998Stone cold
85%
1997Stone cold
85%
1993Yokozuna
85%
2011Alberto Del Rio
77%
2023Cody Rhodes
77%
1991Hulk Hogan
77%
1990Hulk hogan
77%
2012Sheamus
77%
1994Lex Luger
69%
1989Big John Studd
62%

Score Distribution

Percentile by Number Answered

Percent of People with Each Score

Your Score History

You have not taken this quiz since the last reset